Guess Analog Horrors (With images) - Statistics

General Stats
  • This quiz has been taken 42 times
  • The average score is 8 of 19
Answer Stats
Picture Answer % Correct
The Mandela Catalogue
74%
The Smile Tapes
66%
The Walten Files
66%
Vita Carnis
66%
Petscop
63%
Gemini Home Entertainment
60%
The Monument Mythos
60%
The Painter
54%
Local 58
49%
GREYLOCK
40%
Dr. Nowhere
34%
Boisvert
29%
Harmony & Horror
26%
Dog Nightmares
23%
BLUE_CHANNEL
14%
Hansel and Gretel
11%
White Stag Education
11%
The Sun Vanished
9%
Under Mt. Ebott
9%
No matching quizzes found
Score Distribution
Percent of People with Each Score
Percentile by Number Answered
Your Score History
You have not taken this quiz